Verbal behavior and general behavior theory /

Bibliographic Details
Corporate Author: National Science Foundation (U.S.)
Other Authors: Dixon, Theodore R., Horton, David L.
Format: Book
Language:English
Published: Englewood Cliffs, N.J. : Prentice-Hall, [1968]
Series:Prentice-Hall psychology series.
Subjects:

MARC

Tag First Indicator Second Indicator Subfields
LEADER 00000cam a22000001 4500
001 in00000284227
005 20151010072803.0
008 700820s1968 njua b 10000 eng
010 |a  68011705  
035 |a (OCoLC)00182512 
035 |9 ABE9830AM 
040 |a DLC  |c DLC  |d TXA  |d UtOrBLW 
049 |a TXAM  |c [917111] 
050 0 0 |a BF455  |b .V42 
082 0 |a 153 
245 0 0 |a Verbal behavior and general behavior theory /  |c Edited by Theodore R. Dixon [and] David L. Horton. 
264 1 |a Englewood Cliffs, N.J. :  |b Prentice-Hall,  |c [1968] 
300 |a ix, 596 pages :  |b illustrations ;  |c 24 cm. 
336 |a text  |b txt  |2 rdacontent 
337 |a unmediated  |b n  |2 rdamedia 
338 |a volume  |b nc  |2 rdacarrier 
490 1 |a Prentice-Hall psychology series 
500 |a Proceedings of a conference held in the spring of 1966 at the University of Kentucky under the sponsorship of the National Science Foundation. 
504 |a Includes bibliographies. 
650 0 |a Verbal behavior. 
700 1 |a Dixon, Theodore R. 
700 1 |a Horton, David L. 
710 2 |a National Science Foundation (U.S.) 
830 0 |a Prentice-Hall psychology series. 
999 |a MARS 
999 f f |s ea2b0d54-8027-3595-9356-a2aebc57bb9b  |i 46fd28b5-9f91-3c5b-b0b3-7fb91c7cb9c4  |t 0 
952 f f |p ric  |a Texas A&M University  |b Rellis Campus  |c Joint Library Facility  |d Remote Storage  |t 0  |e BF455 .V42  |h Library of Congress classification  |i unmediated -- volume  |m A14801681783 
998 f f |a BF455 .V42  |t 0  |l Remote Storage